Islamic Republic of Iran: managing the transition to a market economy

Salvato in:
Dettagli Bibliografici
Autore principale: Jbili, Abdelali
Altri autori: Kramarenko, Vitali, Bailén, José
Natura: Libro
Lingua:inglese
Pubblicazione: Washington, D.C. International Monetary Fund 2007
Soggetti:
Tags: Aggiungi Tag
Nessun Tag, puoi essere il primo ad aggiungerne!!

MARC

LEADER 00000nam$a2200000$$$4500
001 0057639
005 20240315115513.7
020 |a 978-1-58906-441-6 
041 0 |a eng 
044 |a US 
245 1 0 |a Islamic Republic of Iran: managing the transition to a market economy  |c Abdelali Jbili, Vitali Kramarenko, and José Bailén 
264 1 |a Washington, D.C.  |b International Monetary Fund  |c 2007 
300 |a xv, 83 s. 
610 2 0 |a Irán 
610 2 0 |a situácia hospodárska 
610 2 0 |a politika hospodárska 
610 2 0 |a politika menová 
610 2 0 |a politika devízová 
610 2 0 |a ropa 
610 2 0 |a priemysel 
610 2 0 |a obchod 
610 2 0 |a reformy hospodárske 
100 1 |a Jbili, Abdelali 
700 1 |a Kramarenko, Vitali 
700 1 |a Bailén, José